00565 am a2200169 a 450000500170000000800410001702000150005804100080007310000250008124500440010625000110015026000600016130000110022150001240023265300180035670000210037420231227075215.0100413s1984||||ag a f |||| 001 0 spa d a9500603462 aspa1 aCalatroni, Carlos J. aGinecología / cCarlos J. Calatroni. a2a ed. aBuenos Aires: bEditorial Médica Panamericana;c1984. a512 p. aCalatroni, C. J. y Ruíz, V. (Col.). (1984). Ginecología. (2a ed.). Buenos Aires : Editorial Médica Panamericana. aGinecología1 aRuíz, Vicente.